1839 1919 1283 1702 1470 1721 1817 1037 1765 1563 1512 1827 1183 1447 1429 1201 1793 1299 1893 1884 1714 1654 1763 1020 1893 1222 1731 1015 1024 1235 1895 1721 1557 1763 1021 1812 1250 1266 1156 1542 1870 1454 1813 1514 1933 1290 1186 1515 1030 1193 1925 1787 1471 1188 1340 1677 1494 1811 1601 1144 1074 1360 1445 1004 1152 1528 1203 1251 1368 1302 1170 1919 1109 1972 1054 1242 1550 1390 1477 1471 1593 1706 1313 1471 1397 1390 1752 1232 1037 1570 1320 1221 1415 1866 1006 1521 1336 1396 1184 BCNSPRNW ULIB Ver.6.0+V

เปลี่ยนเป็นภาษาไทย

Change to English
 แสดงรายละเอียดบรรณานุกรม
  กลับหน้าหลัก

Brief Record : Get Marc (ISO 2709) : E-mail record : QR code < ปิดหน้าต่าง
LEADER : 00000nam 2200000uu 4500
001    13399113816
003     ULIB
008    120109s||||||||th 000 0 tha d
024    9780826121967
060  4 WY100.5^bW339a
100 1  Watson, Jean
245 00 Assessing and measuring caring in nursing and health sciences/^cJean Watson
250    2nd ed
260    New York:^bSpringer,^c2009
300    345 p.:^bill,^c25cm.
650  7 Nursing Audit
650  7 Nurse^xPatient Relations
650  7 Nursing Care^xStandards
650  7 Quality Indicators, Health Care
945    ^p0^l0^i030892
995    Kesorn
999 ^a ใช้งานได้ทุกระบบ
รายการนี้ยังไม่มีแท็ก
คุณยังไม่ได้ล็อกอิน คุณสามารถมีกิจกรรมร่วมกับเว็บไซต์ได้ แต่ต้องล็อกอินก่อน ::
  ล็อกอิน

รายการสื่อสารสนเทศ

ลำดับที่ ประเภท เลขเรียก/บาร์โค้ด สถานที่ สถานะ
- ไม่พบข้อมูล -

รายการใกล้เคียง
    ผู้แต่ง [Watson, Jean]

    หัวเรื่อง [Nursing Audit]
    หัวเรื่อง [Quality Indicators, Health Care]

BibComment


ยังไม่เคยถูกคอมเมนท์

คอมเมนท์ทรัพยากรรายการนี้
  คอมเมนท์: Assessing and mea..


 Copyright 2026. Bcnsprnw @Library